000 00969cam a2200289 a 4500
005 20260322212010.0
008 data
010 _a 2002113769
020 _a0534596975 (student ed.)
020 _a9780534596972 (student ed.)
040 _aDLC
_cDLC
_dDLC
050 0 0 _aBF637.C6
_bC576 2004
082 0 0 _a158/.35
_222
096 _aWM 430 C576 2004
100 1 _aCorey, Gerald.
245 1 0 _aTheory and practice of group counseling /
_cGerald Corey.
250 _a6th ed.
260 _aBelmont, CA :
_aBelmont, CA :
_bThomson/Brooks/Cole,
_cc2004.
300 _axix, 522 p. ;
_c25 cm.
504 _aIncludes bibliographical references and index.
650 0 _aGroup counseling.
650 0 _aSmall groups.
906 _a7
_bcbc
_corignew
_d3
_eepcn
_f20
_gy-gencatlg
925 0 _aacquire
_b1 shelf copy
_xpolicy default
955 _dsh33 2003-06-30
_esh42 2003-07-02 to Dewey
001 data
999 _c201
_d201